00476 a2200121 4500020001800000050001900018245011100037264004900148300002300197500007400220650002800294710003200322 a9789221246527 aHC415 BUI 2016 aBuilding a sustainable future with decent work in Asia and the pacific :breport of the Director-General / aGeneva :bInternational Labour Office,c2016 axii, 144p. :bill. a15th Asia and the Pacific Regional Meeting - Kyoto, Japan, April 2011 aSustainable development aInternational Labour Office